Význam cudzieho jazyka pre medzinárodné vzťahy

Na minha lista:
Detalhes bibliográficos
Autor principal: Ivanová, Eva
Formato: Capítulo de Livro
Idioma:eslovaco
Tags: Adicionar Tag
Sem tags, seja o primeiro a adicionar uma tag!

MARC

LEADER 00000nla a2200000 4500
001 0234338
005 20240502073812.5
041 0 |a slo 
044 |a SK 
245 1 0 |a Význam cudzieho jazyka pre medzinárodné vzťahy  |c Eva Ivanová 
100 1 |a Ivanová, Eva